000 00488nam a2200181Ia 4500
005 20250508150723.0
008 008 250505s9999 xx 000 0 eng d
037 _aTextual
040 _aFEDL
_beng
_cFEDL
041 _aeng
_2eng
084 _a294.5, ARN
_qFEDL
100 _aArnold Edwin
245 0 _aSong celestial
260 _aLondon, UK
_bRoutledge and Kegan Paul Limited
_c1948
300 _axii,111p.
942 _cTEXL
_h294.5, ARN
999 _c1325260
_d1325260